000 00578nam a22001937a 4500
999 _c192395
_d192395
005 20220921103500.0
010 _aUR-11730
020 _a9789391238995
_c300.00
035 _aU-10285
037 _bDBAD/PUB
_a-
082 _aک
100 _aرینو بہل
245 _aجہا ن آرزو /
_cرینو بہل
_hا ر د و
246 _aJahan-E-Aarzoo /
_bby Renu Behl
260 _aNew Delhi
_bEducational Publishing House
_c2022 ء
270 _aH.o. D1/16, Ansari Road, Darya Ganj
_bNew Delhi
_e110002
300 _a256 ص
_c22cm(pbk)
942 _2ddc
_cUR
_hک
_mر ی ن